LEADER 00912nam0-22003131i-450- 001 990000515860403321 005 20070904121659.0 010 $a0-262-19316-7 035 $a000051586 035 $aFED01000051586 035 $a(Aleph)000051586FED01 035 $a000051586 100 $a20020821d1992----km-y0itay50------ba 101 0 $aeng 105 $aa-------001yy 200 1 $aTelerobotics, automation and human supervisory control$fThomas B. Sheridan 210 $aCambridge, Mass.$cMIT Press$dc1992 215 $a393 p.$cill.$d22 cm 610 0 $aControllo a distanza 610 0 $aRobotica 676 $a620.46 700 1$aSheridan,$bThomas B.$0492149 801 0$aIT$bUNINA$gRICA$2UNIMARC 901 $aBK 912 $a990000515860403321 952 $a10 D III 650$bdis 3126$fDINEL 959 $aDINEL 996 $aTelerobotics, automation and human supervisory control$9331128 997 $aUNINA LEADER 02695nam 2200697 a 450 001 9911004737303321 005 20200520144314.0 010 $a9781523132041 010 $a1523132043 010 $a9781680150971 010 $a1680150979 010 $a9780819483591 010 $a0819483591 024 7 $a10.1117/3.869055 035 $a(CKB)2670000000131879 035 $a(EBL)831642 035 $a(OCoLC)769743407 035 $a(SSID)ssj0000550626 035 $a(PQKBManifestationID)11381813 035 $a(PQKBTitleCode)TC0000550626 035 $a(PQKBWorkID)10524260 035 $a(PQKB)11075084 035 $a(MiAaPQ)EBC831642 035 $a(CaBNVSL)gtp00550531 035 $a(SPIE)9780819483591 035 $a(PPN)237233967 035 $a(Perlego)2605794 035 $a(EXLCZ)992670000000131879 100 $a20110728d2011 uy 0 101 0 $aeng 135 $aurbn||||m|||a 181 $ctxt 182 $cc 183 $acr 200 10$aEnhanced optical filter design /$fDavid Cushing 210 $aBellingham, Wash. $cSPIE Press$dc2011 215 $a1 online resource (168 p.) 225 0 $aSPIE ;$vv. PM 201 300 $aDescription based upon print version of record. 311 08$a9780819483584 311 08$a0819483583 320 $aIncludes bibliographical references and index. 327 $aBasics -- Methods of deposition and materials -- Antireflection coatings -- Multilayer films -- Dichroics -- Metal films and filters -- All-dielectric bandpass filters -- Optical monitoring -- Fully blocked visible filters -- Fully blocked ultraviolet filters -- Nonpolarizing reflection filters -- Nonpolarizing transmissive filters. 330 $aThis book serves as a supplement to the classic texts by Angus Macleod and Philip Baumeister, taking an intuitive approach to the enhancement of optical coating (or filter) performance. Drawing from 40 years of experience in thin film design, Cushing introduces the basics of thin films, the commonly used materials and their deposition, the major coatings and their applications, and improvement methods for each. 410 0$aSPIE Press monograph ;$vPM201. 606 $aOptical coatings 606 $aLight filters 606 $aOptical films 615 0$aOptical coatings. 615 0$aLight filters. 615 0$aOptical films. 676 $a621.36/9 700 $aCushing$b David$f1940-2009.$01861004 712 02$aSociety of Photo-Optical Instrumentation Engineers. 801 0$bMiAaPQ 801 1$bMiAaPQ 801 2$bMiAaPQ 906 $aBOOK 912 $a9911004737303321 996 $aEnhanced optical filter design$94467020 997 $aUNINA